000
00210 a2200097 4500
001
49455
100
_a
Corpett
245
_a
Temple Tiger
260
_a
London
_b
Oxford University Press
_c
090
_c
31986
_d
31986
942
_a
NUST-CAE
_c
_c
24431
999
_c
284528
_d
284528